000 00278nam a2200109Ia 4500
008 200302s9999 xx 000 0 und d
100 _aChris L. Smith
245 _aArchitecture in the Space of Flows
260 _bRoutledge Taylor & Francis Group
260 _c2012
300 _a241
999 _c3309
_d3309